000
00311nam a22001457a 4500
008
210305b ||||| |||| 00| 0 eng d
020
_a
9781285053493
041
_a
eng
080
_2
9th
_a
37
082
_a
37
100
_a
25
101
_a
EDU
245
_a
Entrepreneurship
_c
Kuratko, D.F
942
_2
udc
_c
BK
999
_c
55842
_d
55842